Statistiques concernant Départements les plus proches de Charleville-Mézières

Cliquez ici pour prendre le quiz!

Statistiques générales

  • Ce quiz a été pris 17 fois
  • Le résultat moyen est 9 sur 10

Statistiques - réponses

KmDépartements% Correct
70kmMarne (51)
100%
140kmMoselle (57)
100%
130kmNord (59)
100%
50kmAisne (02)
93%
200kmHaute-Marne (52)
93%
180kmPas-de-Calais (62)
93%
60kmMeuse (55)
87%
200kmSomme (80)
87%
190kmOise (60)
80%
240kmSaône-et-Loire (71)
33%

Distribution des résultats

Percentile par nombre de réponses

% des personnes avec chaque résultat

Votre développement - résultats

Vous n’avez pas pris ce quiz